Music Quiz

Random Music or Lyrics Quiz

Song Lyrics Without Vowels Quiz Stats

 Plays Quiz not verified by Sporcle

Challenge
Share
Tweet
Embed
Score 0/26 Timer 03:00
0 Plays Today
Add vowels Song names % Correct
Bcs ths s thrllr thrllr nghtThriller
100%
tk m t chrch 'll wrshp lk dg t th shrn f yr lsTake Me To Church
91.7%
Bcs y knw 'm ll bt tht bssAll About That Bass
83.3%
whn yr lgs dn't wrk lk thy sd t bfrThinking Out Loud
70.8%
ths s my hrtbt sng nd 'm gnn ply tThe Heartbeat Song
68.8%
gt n lss prblm wtht yProblem
60%
whn m y n th smmrSummer
50%
dr ftr hsbnd hr's fw thngs y nd t knwDear Future Husband
50%
cse ptwn fnk gnn gve t t yUptown Funk
44.4%
gt blnk spc bby nd 'll wrt yr nmBlank Space
44.4%
s m wrng fr thnkng tht w cld b smthng fr rlAm I Wrong
38.5%
Nh nh hny 'm gd cld hv nthr bt prbbly shld ntHoney I'm Good
37.5%
w'll g dwn n hstry rmmbr m fr cntrsCenturies
33.3%
Add vowels Song names % Correct
s wn't y sty wth m Stay With Me
33.3%
ths r th nghts tht nvr d my fthr tld mThe Nights
33.3%
s sy grnm sy grnm sy grnm sy grnm sy grnm sy grnm sy grnmGeronimo
30%
t cnnt wt 'm yrsI'm Yours
30%
sh sd sht p nd dnc wth mShut Up And Dance
25%
s why bt my lf bt my lf bt my lf n yI Bet My Life
22.2%
s wk m p whn t's ll vrWake Me Up
22.2%
sh wnts t dnc lk m thrmnUma Thurman
22.2%
whn ws dmb nd h wrld ws yng nd sh ws btflBeautiful
11.1%
s thngs tht nbdy ls ss d l l h s Dollhouse
11.1%
nw 'm fr fv scnds frm wldn'FourFiveSeconds
11.1%
m nthng wtht lvNothing Without Love
0%
trn yr fc twrds th snTowards The Sun
0%

You're not logged in!

Compare scores with friends on all Sporcle quizzes.
Join for Free
OR
Log In

You Might Also Like...

Show Comments

Extras

Top Quizzes Today


Score Distribution

Your Account Isn't Verified!

In order to create a playlist on Sporcle, you need to verify the email address you used during registration. Go to your Sporcle Settings to finish the process.

Report this User

Report this user for behavior that violates our Community Guidelines.

Details: